00242nam a2200109Ia 4500008004100000100002000041245002500061260001200086650001000098942000700108999001700115190216s9999||||xx |||||||||||||| ||und|| aAsha Rani Vohra 0aHindi-Main Insa Mili bAgarwal aHindi cBK c15558d15558